[Event "WTCC-65 2018"]
[Site "Radebeul"]
[Date "2018.07.13"]
[Round "7"]
[White "Kargoll, Herbert"]
[Black "Gruzmann, Boris"]
[Result "0-1"]
[WhiteElo "2230"]
[BlackElo "2176"]
[Annotator "NA"]
[PlyCount "114"]
[EventDate "2018.07.07"]
[EventType "team-tourn"]
[EventCountry "GER"]
[SourceTitle "playchess.com"]
[Source "ChessBase"]
[SourceQuality "1"]
[TimeControl "40/5400+30:1800+30"]

1. e4 {[%emt 0:00:00]} c5 {[%emt 0:00:00]} 2. Nf3 {[%emt 0:00:00]} d6 {[%emt 0:00:00]} 3. Bb5+ {[%emt 0:00:00]} Nd7 {[%emt 0:00:06]} 4. O-O {[%emt 0:01:18]} a6 {[%emt 0:00:13]} 5. Bxd7+ {[%emt 0:02:54]} Bxd7 {[%emt 0:00:16]} 6. d4 {[%emt 0:00:09]} cxd4 {[%emt 0:00:25]} 7. Qxd4 {[%emt 0:00:06]} e5 {[%emt 0:00:54]} 8. Qd3 {[%emt 0:03:49]} h6 {[%emt 0:00:15]} 9. c4 {[%emt 0:14:17]} Rc8 {[%emt 0:06:20]} 10. Be3 {[%emt 0:19:49]} Nf6 {[%emt 0:00:58]} 11. Nc3 {[%emt 0:02:02]} Qc7 {[%emt 0:03:49]} 12. Nd2 {[%emt 0:00:38]} Be6 {[%emt 0:01:13]} 13. Nd5 {[%emt 0:01:46]} Bxd5 {[%emt 0:00:21]} 14. exd5 {[%emt 0:03:19]} Be7 {[%emt 0:01:24]} 15. f3 {[%emt 0:04:29]} O-O {[%emt 0:00:16]} 16. Rac1 {[%emt 0:05:29]} Qd7 {[%emt 0:06:15]} 17. b4 {[%emt 0:01:41]} b5 {[%emt 0:03:35]} 18. Rfd1 {[%emt 0:05:35]} bxc4 {[%emt 0:04:53]} 19. Nxc4 {[%emt 0:00:04]} Qb5 {[%emt 0:00:41]} 20. a3 {[%emt 0:00:57]} Rc7 {[%emt 0:05:04]} 21. Qb3 {[%emt 0:07:56]} Rb8 {[%emt 0:05:17]} 22. Kf2 {[%emt 0:10:19]} Bf8 {[%emt 0:07:17]} 23. Qa2 {[%emt 0:06:40]} Rbc8 {[%emt 0:06:31]} 24. Na5 {[%emt 0:01:23]} Rxc1 {[%emt 0:00:32]} 25. Bxc1 {[%emt 0:00:02]} Qa4 {[%emt 0:00:26]} 26. Qb3 {[%emt 0:01:31]} Qxb3 {[%emt 0:03:15]} 27. Nxb3 {[%emt 0:00:02]} Rc3 {[%emt 0:00:13]} 28. Na5 {[%emt 0:00:34]} Nxd5 {[%emt 0:00:56]} 29. Rxd5 {[%emt 0:01:10]} Rxc1 {[%emt 0:00:10]} 30. Nb7 {[%emt 0:00:32]} Rc7 {[%emt 0:01:47]} 31. Na5 {[%emt 0:00:26]} Rc3 {[%emt 0:01:52]} 32. a4 {[%emt 0:00:34]} Ra3 {[%emt 0:01:49]} 33. b5 {[%emt 0:00:09]} axb5 {[%emt 0:00:48]} 34. Rxb5 {[%emt 0:00:38]} Rxa4 {[%emt 0:00:13]} 35. Nc6 {[%emt 0:00:30]} Rc4 {[%emt 0:02:59]} 36. Nb4 {[%emt 0:01:45]} Rc5 {[%emt 0:01:25]} 37. Rb8 {[%emt 0:00:05]} f5 {[%emt 0:00:32]} 38. Ke3 {[%emt 0:00:42]} Kf7 {[%emt 0:00:49]} 39. Rb7+ {[%emt 0:00:11]} Ke6 {[%emt 0:00:53]} 40. Na6 {[%emt 0:00:16]} Ra5 {[%emt 0:02:59]} 41. Nc7+ {[%emt 0:30:18]} Kd7 {[%emt 0:37:28]} 42. Nd5+ {[%emt 0:00:17]} Kc6 {[%emt 0:00:15]} 43. Rf7 {[%emt 0:00:06]} Kxd5 {[%emt 0:00:07]} 44. Rxf8 {[%emt 0:00:03]} f4+ {[%emt 0:00:46]} 45. Kf2 {[%emt 0:00:22]} Ra2+ {[%emt 0:01:23]} 46. Kg1 {[%emt 0:00:35]} Ra7 47. g3 {[%emt 0:01:27]} fxg3 {[%emt 0:03:40]} 48. hxg3 {[%emt 0:00:05]} Kd4 {[%emt 0:00:17]} 49. Rb8 {[%emt 0:01:25]} d5 {[%emt 0:02:11]} 50. Rb2 {[%emt 0:00:26]} Kc3 {[%emt 0:00:47]} 51. Re2 {[%emt 0:00:12]} Re7 {[%emt 0:00:39]} 52. Kf2 {[%emt 0:00:11]} d4 {[%emt 0:03:51]} 53. Ra2 {[%emt 0:00:09]} Rb7 {[%emt 0:00:29]} 54. Ra5 {[%emt 0:00:56]} Rb2+ {[%emt 0:00:21]} 55. Kf1 {[%emt 0:00:23]} d3 {[%emt 0:00:30]} 56. Rxe5 {[%emt 0:00:07]} Rb1+ {[%emt 0:00:17]} 57. Kf2 {[%emt 0:01:18]} d2 {[%emt 0:00:09]} 0-1

[Event "WTCC-65 2018"]
[Site "Radebeul"]
[Date "2018.07.13"]
[Round "7"]
[White "Nehmert, Ulrich"]
[Black "Donchenko, Anatoly"]
[Result "1-0"]
[WhiteElo "2220"]
[BlackElo "2301"]
[Annotator "NA"]
[PlyCount "77"]
[EventDate "2018.07.07"]
[EventType "team-tourn"]
[EventCountry "GER"]
[SourceTitle "playchess.com"]
[Source "ChessBase"]
[SourceQuality "1"]
[TimeControl "40/5400+30:1800+30"]

1. e4 {[%emt 0:00:00]} c6 {[%emt 0:00:00]} 2. d4 {[%emt 0:00:21]} d5 {[%emt 0:00:08]} 3. Nd2 {[%emt 0:00:49]} dxe4 {[%emt 0:00:19]} 4. Nxe4 {[%emt 0:01:44]} Bf5 {[%emt 0:00:18]} 5. Ng3 {[%emt 0:00:00]} Bg6 {[%emt 0:00:11]} 6. h4 {[%emt 0:00:28]} h6 {[%emt 0:00:11]} 7. h5 {[%emt 0:02:16]} Bh7 {[%emt 0:00:10]} 8. Nf3 {[%emt 0:00:11]} Nd7 {[%emt 0:01:51]} 9. Bd3 {[%emt 0:00:36]} Bxd3 {[%emt 0:00:12]} 10. Qxd3 {[%emt 0:00:03]} e6 {[%emt 0:00:18]} 11. Bf4 {[%emt 0:02:43]} Qa5+ {[%emt 0:00:48]} 12. c3 {[%emt 0:04:17]} Ngf6 {[%emt 0:00:45]} 13. b4 {[%emt 0:14:56]} Qa3 {[%emt 0:04:26]} 14. Qc2 {[%emt 0:14:00]} a5 {[%emt 0:04:25]} 15. Bc1 {[%emt 0:00:40]} axb4 {[%emt 0:00:29]} 16. Bxa3 {[%emt 0:00:46]} Rxa3 {[%emt 0:00:01]} 17. cxb4 {[%emt 0:03:43]} Bxb4+ {[%emt 0:00:22]} 18. Nd2 {[%emt 0:01:35]} Nd5 {[%emt 0:04:01]} 19. O-O {[%emt 0:05:11]} Rc3 {[%emt 0:00:12]} 20. Qb2 {[%emt 0:00:56]} N7b6 {[%emt 0:01:29]} 21. a3 {[%emt 0:04:51]} Be7 {[%emt 0:04:36]} 22. Nge4 {[%emt 0:02:17]} Rd3 {[%emt 0:00:23]} 23. Nc5 {[%emt 0:01:58]} Rc3 {[%emt 0:00:19]} 24. Nde4 {[%emt 0:02:28]} Rc4 {[%emt 0:00:30]} 25. Nxb7 {[%emt 0:02:11]} O-O {[%emt 0:00:17]} 26. Na5 {[%emt 0:00:19]} Na4 {[%emt 0:04:37]} 27. Nxc4 {[%emt 0:01:19]} Nxb2 {[%emt 0:00:11]} 28. Nxb2 {[%emt 0:00:04]} Nf4 {[%emt 0:00:31]} 29. Rfd1 {[%emt 0:02:31]} f5 {[%emt 0:00:50]} 30. Nc5 {[%emt 0:01:27]} e5 {[%emt 0:01:12]} 31. Nbd3 {[%emt 0:08:48]} Ne2+ {[%emt 0:01:07]} 32. Kf1 {[%emt 0:00:08]} Nc3 {[%emt 0:00:29]} 33. Nxe5 {[%emt 0:01:27]} Nxd1 {[%emt 0:00:10]} 34. Rxd1 {[%emt 0:00:06]} Ra8 {[%emt 0:00:12]} 35. Nxc6 {[%emt 0:01:00]} Bd6 {[%emt 0:00:16]} 36. Ra1 {[%emt 0:01:13]} Rc8 {[%emt 0:01:34]} 37. Nb4 {[%emt 0:02:14]} Rb8 {[%emt 0:01:10]} 38. Nbd3 {[%emt 0:00:55]} Bc7 {[%emt 0:00:37]} 39. Na6 {[%emt 0:00:10]} 1-0

[Event "WTCC-65 2018"]
[Site "Radebeul"]
[Date "2018.07.13"]
[Round "7"]
[White "Ulrichsen, Jarl H"]
[Black "Sharif, Mehrshad"]
[Result "1/2-1/2"]
[WhiteElo "2196"]
[BlackElo "2353"]
[Annotator "NA"]
[PlyCount "27"]
[EventDate "2018.07.07"]
[EventType "team-tourn"]
[EventCountry "GER"]
[SourceTitle "playchess.com"]
[Source "ChessBase"]
[SourceQuality "1"]
[TimeControl "40/5400+30:1800+30"]

1. d4 {[%emt 0:00:00]} d5 {[%emt 0:00:00]} 2. Nf3 {[%emt 0:00:43]} Nf6 {[%emt 0:00:13]} 3. c4 {[%emt 0:00:17]} e6 {[%emt 0:00:15]} 4. Nc3 {[%emt 0:00:40]} Nbd7 {[%emt 0:00:47]} 5. e3 {[%emt 0:03:07]} a6 {[%emt 0:01:43]} 6. Bd3 {[%emt 0:02:10]} dxc4 {[%emt 0:02:12]} 7. Bxc4 {[%emt 0:00:09]} b5 {[%emt 0:01:36]} 8. Be2 {[%emt 0:06:37]} Bb7 {[%emt 0:01:04]} 9. O-O {[%emt 0:00:21]} c5 {[%emt 0:01:41]} 10. b3 {[%emt 0:08:17]} Bd6 {[%emt 0:04:06]} 11. Bb2 {[%emt 0:04:02]} O-O {[%emt 0:03:17]} 12. dxc5 {[%emt 0:12:59]} Bxc5 {[%emt 0:04:18]} 13. Nd4 {[%emt 0:13:12]} Ne5 {[%emt 0:10:21]} 14. Nf3 {[%emt 0:03:59]} 1/2-1/2

[Event "WTCC-65 2018"]
[Site "Radebeul"]
[Date "2018.07.13"]
[Round "7"]
[White "Singer, Hans"]
[Black "Mishuchkov, Nikolai M"]
[Result "1/2-1/2"]
[WhiteElo "2175"]
[BlackElo "2311"]
[Annotator "ChessBase"]
[PlyCount "150"]
[EventDate "2018.07.07"]
[EventType "team-tourn"]
[EventCountry "GER"]
[SourceTitle "playchess.com"]
[Source "ChessBase"]
[SourceQuality "1"]
[TimeControl "40/5400+30:1800+30"]

1. Nf3 {[%emt 0:00:00]} d5 {[%emt 0:00:24]} 2. d4 {[%emt 0:00:00]} Nf6 {[%emt 0:00:06]} 3. c4 {[%emt 0:00:12]} e6 {[%emt 0:00:05]} 4. Nc3 {[%emt 0:00:17]} Bb4 {[%emt 0:00:07]} 5. Bg5 {[%emt 0:06:15]} h6 {[%emt 0:00:34]} 6. Bxf6 {[%emt 0:00:22]} Qxf6 {[%emt 0:00:06]} 7. Qa4+ {[%emt 0:00:34]} Nc6 {[%emt 0:00:12]} 8. e3 {[%emt 0:00:35]} O-O {[%emt 0:08:05]} 9. cxd5 {[%emt 0:01:06]} exd5 {[%emt 0:00:12]} 10. Be2 {[%emt 0:00:15]} Be6 {[%emt 0:14:38]} 11. O-O {[%emt 0:01:12]} a6 {[%emt 0:00:27]} 12. Ne1 {[%emt 0:10:04]} Bd6 {[%emt 0:01:07]} 13. Nd3 {[%emt 0:01:15]} Ne7 {[%emt 0:01:00]} 14. e4 {[%emt 0:08:42]} dxe4 {[%emt 0:00:16]} 15. Nxe4 {[%emt 0:00:08]} Bxh2+ {[%emt 0:00:54]} 16. Kxh2 {[%emt 0:00:47]} Qh4+ {[%emt 0:00:10]} 17. Kg1 {[%emt 0:00:47]} Qxe4 {[%emt 0:00:09]} 18. Rfe1 {[%emt 0:00:32]} Nf5 {[%emt 0:08:48]} 19. Nc5 {[%emt 0:02:59]} Qxd4 {[%emt 0:02:22]} 20. Qa3 {[%emt 0:00:17]} b6 {[%emt 0:14:02]} 21. Nxe6 {[%emt 0:06:08]} fxe6 {[%emt 0:00:23]} 22. Rad1 {[%emt 0:10:56]} Qf6 {[%emt 0:11:11]} 23. Bf3 {[%emt 0:04:20]} Rae8 {[%emt 0:06:58]} 24. Qxa6 {[%emt 0:18:18]} Nh4 {[%emt 0:03:33]} 25. Rd3 {[%emt 0:02:01]} Qxb2 {[%emt 0:12:55]} 26. Qc4 {[%emt 0:03:18]} Nxf3+ {[%emt 0:00:06]} 27. Rxf3 {[%emt 0:00:35]} Rxf3 {[%emt 0:01:01]} 28. gxf3 {[%emt 0:00:08]} Qf6 {[%emt 0:01:33]} 29. Qxc7 {[%emt 0:00:16]} e5 {[%emt 0:00:12]} 30. Qc4+ {[%emt 0:04:27]} Kh8 {[%emt 0:03:37]} 31. Qe4 {[%emt 0:03:10]} Rf8 {[%emt 0:03:55]} 32. Re3 {[%emt 0:02:07]} Qg5+ {[%emt 0:02:11]} 33. Kf1 {[%emt 0:02:40]} Rc8 {[%emt 0:00:36]} 34. Re1 {[%emt 0:03:50]} Rc5 {[%emt 0:00:30]} 35. a4 {[%emt 0:05:05]} Qf4 {[%emt 0:00:50]} 36. Qxf4 {[%emt 0:03:29]} exf4 {[%emt 0:00:08]} 37. Re4 {[%emt 0:00:07]} Rf5 {[%emt 0:00:05]} 38. Re6 {[%emt 0:00:15]} Ra5 {[%emt 0:01:53]} 39. Rxb6 {[%emt 0:00:19]} Rxa4 {[%emt 0:00:04]} 40. Rb7 {[%emt 0:00:23]} Kh7 {[%emt 0:00:04]} 41. Kg2 {[%emt 0:30:23]} Kg6 {[%emt 0:30:39]} 42. Rb6+ {[%emt 0:00:22]} Kh5 {[%emt 0:01:02]} 43. Rb7 {[%emt 0:00:00]} g5 {[%emt 0:00:00]} 44. Rb6 {[%emt 0:00:00]} Ra7 {[%emt 0:00:00]} 45. Kh3 {[%emt 0:00:00]} Rg7 {[%emt 0:00:00]} 46. Ra6 {[%emt 0:00:00]} Rg6 {[%emt 0:00:00]} 47. Ra5 {[%emt 0:00:00]} Rb6 {[%emt 0:00:00]} 48. Ra2 {[%emt 0:00:00]} Rb3 {[%emt 0:00:00]} 49. Kg2 {[%emt 0:00:00]} Rb6 {[%emt 0:00:00]} 50. Ra8 {[%emt 0:00:00]} Kg6 {[%emt 0:00:00]} 51. Rg8+ {[%emt 0:00:00]} Kf5 {[%emt 0:00:00]} 52. Rh8 {[%emt 0:00:00]} Kg6 {[%emt 0:00:00]} 53. Rg8+ {[%emt 0:00:00]} Kh5 {[%emt 0:00:00]} 54. Rh8 {[%emt 0:00:00]} Kh4 {[%emt 0:00:00]} 55. Rh7 {[%emt 0:00:00]} h5 {[%emt 0:00:00]} 56. Rh8 {[%emt 0:00:00]} Rf6 {[%emt 0:00:00]} 57. Rh7 {[%emt 0:00:00]} g4 {[%emt 0:00:00]} 58. fxg4 {[%emt 0:00:00]} f3+ {[%emt 0:00:00]} 59. Kh2 {[%emt 0:00:00]} Kxg4 {[%emt 0:00:00]} 60. Ra7 {[%emt 0:00:00]} Rg6 {[%emt 0:00:00]} 61. Rf7 {[%emt 0:00:00]} Rg5 {[%emt 0:00:00]} 62. Rf8 {[%emt 0:00:00]} h4 {[%emt 0:00:51]} 63. Rf7 {[%emt 0:00:00]} Rg8 {[%emt 0:00:55]} 64. Rf6 {[%emt 0:00:00]} Ra8 {[%emt 0:03:15]} 65. Rg6+ {[%emt 0:00:00]} Kf5 {[%emt 0:00:18]} 66. Rb6 {[%emt 0:01:08]} Ra2 {[%emt 0:02:09]} 67. Rb5+ {[%emt 0:00:21]} Ke4 {[%emt 0:01:53]} 68. Rb4+ {[%emt 0:03:20]} Kd3 {[%emt 0:00:08]} 69. Rxh4 {[%emt 0:00:53]} Rxf2+ {[%emt 0:00:33]} 70. Kg3 {[%emt 0:00:26]} Ke3 {[%emt 0:00:05]} 71. Re4+ {[%emt 0:00:35]} Kxe4 {[%emt 0:00:06]} 72. Kxf2 {[%emt 0:00:12]} Kf4 {[%emt 0:00:04]} 73. Kf1 {[%emt 0:00:09]} Kg3 {[%emt 0:00:05]} 74. Kg1 {[%emt 0:00:13]} f2+ {[%emt 0:00:03]} 75. Kf1 {[%emt 0:00:06]} Kf3 {Ke1} 1/2-1/2

[Event "WTCC-65 2018"]
[Site "Radebeul"]
[Date "2018.07.13"]
[Round "7"]
[White "Hammar, Bengt"]
[Black "Weiss, Werner"]
[Result "1-0"]
[WhiteElo "2159"]
[BlackElo "2116"]
[Annotator "NA"]
[PlyCount "64"]
[EventDate "2018.07.07"]
[EventType "team-tourn"]
[EventCountry "GER"]
[SourceTitle "playchess.com"]
[Source "ChessBase"]
[SourceQuality "1"]
[TimeControl "40/5400+30:1800+30"]

1. d4 {[%emt 0:00:00]} d6 {[%emt 0:00:00]} 2. Nf3 {[%emt 0:00:57]} Bf5 {[%emt 0:00:54]} 3. g3 {[%emt 0:05:05]} Nd7 {[%emt 0:01:43]} 4. Bg2 {[%emt 0:00:25]} c6 {[%emt 0:00:07]} 5. O-O {[%emt 0:00:19]} Ngf6 {[%emt 0:00:40]} 6. c4 {[%emt 0:01:37]} e5 {[%emt 0:01:34]} 7. Nc3 {[%emt 0:01:07]} h6 {[%emt 0:01:06]} 8. d5 {[%emt 0:06:48]} c5 {[%emt 0:01:58]} 9. Nh4 {[%emt 0:01:24]} Bh7 {[%emt 0:00:20]} 10. e4 {[%emt 0:00:27]} Be7 {[%emt 0:01:09]} 11. Nf5 {[%emt 0:02:47]} Bxf5 {[%emt 0:00:20]} 12. exf5 {[%emt 0:00:06]} O-O {[%emt 0:04:50]} 13. a3 {[%emt 0:01:12]} a6 {[%emt 0:01:52]} 14. Qe2 {[%emt 0:01:13]} Re8 {[%emt 0:02:49]} 15. Ne4 {[%emt 0:10:27]} Nxe4 {[%emt 0:04:49]} 16. Bxe4 {[%emt 0:03:59]} Nf6 {[%emt 0:00:24]} 17. b4 {[%emt 0:02:01]} cxb4 {[%emt 0:01:15]} 18. axb4 {[%emt 0:00:11]} Rc8 {[%emt 0:00:06]} 19. Bd2 {[%emt 0:01:21]} Nxe4 {[%emt 0:23:15]} 20. Qxe4 {[%emt 0:00:31]} Bg5 {[%emt 0:00:15]} 21. Bxg5 {[%emt 0:04:20]} Qxg5 {[%emt 0:00:10]} 22. Rfd1 {[%emt 0:00:30]} g6 {[%emt 0:04:37]} 23. fxg6 {[%emt 0:02:03]} f5 {[%emt 0:01:35]} 24. Qe2 {[%emt 0:00:23]} f4 {[%emt 0:02:52]} 25. Qe4 {[%emt 0:01:29]} b5 {[%emt 0:02:08]} 26. c5 {[%emt 0:01:21]} dxc5 {[%emt 0:01:01]} 27. d6 {[%emt 0:00:34]} Rf8 {[%emt 0:19:08]} 28. d7 {[%emt 0:02:03]} Rcd8 {[%emt 0:01:14]} 29. bxc5 {[%emt 0:00:39]} Qg4 {[%emt 0:00:31]} 30. c6 {[%emt 0:03:14]} Qh3 {[%emt 0:02:55]} 31. Qd5+ {[%emt 0:00:24]} Kg7 {[%emt 0:00:21]} 32. Qxe5+ {[%emt 0:00:24]} Rf6 {[%emt 0:01:02]} 1-0

[Event "WTCC-65 2018"]
[Site "Radebeul"]
[Date "2018.07.13"]
[Round "7"]
[White "Sandmeier, Toni"]
[Black "Berry, Stephen H"]
[Result "0-1"]
[WhiteElo "2159"]
[BlackElo "2298"]
[Annotator "NA"]
[PlyCount "88"]
[EventDate "2018.07.07"]
[EventType "team-tourn"]
[EventCountry "GER"]
[SourceTitle "playchess.com"]
[Source "ChessBase"]
[SourceQuality "1"]
[TimeControl "40/5400+30:1800+30"]

1. c4 {[%emt 0:00:00]} e5 {[%emt 0:00:00]} 2. g3 {[%emt 0:01:03]} d6 {[%emt 0:00:00]} 3. Bg2 {[%emt 0:00:27]} f5 {[%emt 0:00:08]} 4. Nc3 {[%emt 0:00:39]} Nf6 {[%emt 0:00:11]} 5. e3 {[%emt 0:00:42]} Be7 {[%emt 0:00:09]} 6. Nge2 {[%emt 0:00:06]} O-O {[%emt 0:00:56]} 7. O-O {[%emt 0:00:32]} c6 {[%emt 0:02:16]} 8. d4 {[%emt 0:01:03]} Na6 {[%emt 0:02:40]} 9. b3 {[%emt 0:02:55]} Nc7 {[%emt 0:08:12]} 10. Ba3 {[%emt 0:02:14]} e4 {[%emt 0:01:28]} 11. d5 {[%emt 0:06:12]} c5 {[%emt 0:04:21]} 12. b4 {[%emt 0:12:29]} b6 {[%emt 0:05:56]} 13. Rb1 {[%emt 0:06:13]} Ng4 {[%emt 0:05:04]} 14. Qb3 {[%emt 0:12:25]} Ne5 {[%emt 0:02:15]} 15. Rfd1 {[%emt 0:01:52]} Ba6 {[%emt 0:05:59]} 16. bxc5 {[%emt 0:05:25]} Bxc4 {[%emt 0:12:16]} 17. cxd6 {[%emt 0:01:09]} Bxd6 {[%emt 0:00:05]} 18. Qa4 {[%emt 0:04:42]} b5 {[%emt 0:02:46]} 19. Qa5 {[%emt 0:00:11]} Nd3 {[%emt 0:07:32]} 20. Bxd6 {[%emt 0:04:37]} Qxd6 {[%emt 0:00:04]} 21. Nf4 {[%emt 0:04:00]} a6 {[%emt 0:04:28]} 22. Nxd3 {[%emt 0:04:29]} Bxd3 {[%emt 0:00:46]} 23. Rbc1 {[%emt 0:00:17]} Rfc8 {[%emt 0:04:25]} 24. Bf1 {[%emt 0:08:27]} b4 {[%emt 0:10:43]} 25. Na4 {[%emt 0:06:15]} Nxd5 {[%emt 0:01:48]} 26. Rxc8+ {[%emt 0:02:08]} Rxc8 {[%emt 0:00:06]} 27. Nb2 {[%emt 0:05:57]} Nc3 {[%emt 0:05:21]} 28. Nxd3 {[%emt 0:05:01]} Nxd1 {[%emt 0:01:24]} 29. Qxf5 {[%emt 0:00:09]} Re8 {[%emt 0:03:24]} 30. Nc5 {[%emt 0:00:33]} Nc3 {[%emt 0:02:11]} 31. Nxa6 {[%emt 0:00:58]} Rf8 {[%emt 0:01:01]} 32. Qh3 {[%emt 0:01:55]} Kh8 {[%emt 0:02:18]} 33. g4 {[%emt 0:00:38]} Nd1 {[%emt 0:01:07]} 34. Qg3 {[%emt 0:00:22]} Qxg3+ {[%emt 0:00:35]} 35. hxg3 {[%emt 0:00:14]} Nxf2 {[%emt 0:00:14]} 36. Be2 {[%emt 0:00:18]} Nd3 {[%emt 0:00:28]} 37. Bd1 {[%emt 0:00:31]} Ra8 {[%emt 0:01:17]} 38. Nc7 {[%emt 0:00:11]} Rxa2 {[%emt 0:00:09]} 39. Bb3 {[%emt 0:00:20]} Re2 {[%emt 0:01:51]} 40. Nd5 {[%emt 0:00:32]} Rb2 {[%emt 0:00:45]} 41. Ba4 {[%emt 0:31:16]} b3 {[%emt 0:32:14]} 42. Nc3 {[%emt 0:00:50]} Nc5 {[%emt 0:00:00]} 43. Bc6 {[%emt 0:00:00]} Rc2 {[%emt 0:00:00]} 44. Nxe4 {[%emt 0:00:00]} b2 {[%emt 0:00:00]} 0-1

[Event "WTCC-65 2018"]
[Site "Radebeul"]
[Date "2018.07.13"]
[Round "7"]
[White "Nevednichy, Boris M"]
[Black "Hort, Vlastimil"]
[Result "1/2-1/2"]
[WhiteElo "2115"]
[BlackElo "2421"]
[Annotator "TA"]
[PlyCount "19"]
[EventDate "2018.07.07"]
[EventType "team-tourn"]
[EventCountry "GER"]
[SourceTitle "playchess.com"]
[Source "ChessBase"]
[SourceQuality "1"]

{[%evp 14,19,105,61,92,92,89,82]} 1. e4 c5 2. Nc3 e6 3. g3 Nc6 4. Nge2 a6 5. d4 cxd4 6. Nxd4 Nge7 7. Nb3 Ng6 {B46: Sicilian: Taimanov: 5 Nc3 a6} (7... b5 8. Bg2 d6 9. O-O Bb7 10. Re1 Nc8 11. a4 b4 12. Nd5 g6 13. Nd4 N8a7 14. Be3 exd5 15. exd5 Ne7 {1-0 (33) Murdzia,P (2422)-Bernasek,J (2507) Czech Republic 2017}) 8. h4 {[%cal Bh2h4,Bh4h5][%mdl 32] LiveBook: 3 Games} h6 $146 ({Predecessor:} 8... d6 9. h5 Nge5 10. f4 Nd7 11. Be3 Qc7 12. Qe2 b5 13. Bg2 Bb7 14. Qf2 Be7 15. O-O-O {0-1 (37) Proleiko,J (2156)-Zhu,J (2400) Philadelphia 2017}) 9. h5 Nge7 10. Be3 1/2-1/2

[Event "WTCC-65 2018"]
[Site "Radebeul"]
[Date "2018.07.13"]
[Round "7"]
[White "Gneiss, Karl"]
[Black "Shushpanov, Vladimir"]
[Result "0-1"]
[WhiteElo "2090"]
[BlackElo "2198"]
[Annotator "NA"]
[PlyCount "98"]
[EventDate "2018.07.07"]
[EventType "team-tourn"]
[EventCountry "GER"]
[SourceTitle "playchess.com"]
[Source "ChessBase"]
[SourceQuality "1"]
[TimeControl "40/5400+30:1800+30"]

1. e4 {[%emt 0:00:06]} d6 {[%emt 0:00:00]} 2. d4 {[%emt 0:00:30]} Nf6 {[%emt 0:00:00]} 3. Nc3 {[%emt 0:00:07]} c6 {[%emt 0:00:10]} 4. Nf3 {[%emt 0:01:15]} Bg4 {[%emt 0:00:14]} 5. Be2 {[%emt 0:00:27]} e6 {[%emt 0:00:22]} 6. O-O {[%emt 0:00:47]} Be7 {[%emt 0:00:30]} 7. Be3 {[%emt 0:00:37]} O-O {[%emt 0:00:31]} 8. Qd2 {[%emt 0:01:25]} d5 {[%emt 0:00:23]} 9. exd5 {[%emt 0:03:20]} cxd5 {[%emt 0:00:19]} 10. h3 {[%emt 0:01:32]} Bh5 {[%emt 0:02:44]} 11. Ne5 {[%emt 0:02:13]} Bxe2 {[%emt 0:00:23]} 12. Qxe2 {[%emt 0:03:13]} Nc6 {[%emt 0:00:53]} 13. Rfd1 {[%emt 0:08:45]} Qb6 {[%emt 0:06:10]} 14. a3 {[%emt 0:05:47]} Rac8 {[%emt 0:02:46]} 15. Qd3 {[%emt 0:04:18]} Rfd8 {[%emt 0:03:19]} 16. b4 {[%emt 0:05:24]} Qc7 {[%emt 0:04:12]} 17. Ne2 {[%emt 0:08:52]} a6 {[%emt 0:07:06]} 18. Nxc6 {[%emt 0:04:47]} Qxc6 {[%emt 0:00:17]} 19. Rdc1 {[%emt 0:00:55]} Qc4 {[%emt 0:01:54]} 20. Qxc4 {[%emt 0:02:02]} Rxc4 {[%emt 0:00:16]} 21. f3 {[%emt 0:02:24]} Ne8 {[%emt 0:01:06]} 22. Kf2 {[%emt 0:02:03]} Rdc8 {[%emt 0:00:45]} 23. c3 {[%emt 0:00:06]} Nd6 {[%emt 0:00:38]} 24. Bf4 {[%emt 0:04:14]} Nb5 {[%emt 0:05:28]} 25. Bd2 {[%emt 0:01:04]} h6 {[%emt 0:00:16]} 26. a4 {[%emt 0:02:20]} Nd6 {[%emt 0:00:11]} 27. Bf4 {[%emt 0:01:25]} Nf5 {[%emt 0:02:48]} 28. g3 {[%emt 0:06:32]} Bg5 {[%emt 0:01:13]} 29. Bxg5 {[%emt 0:02:34]} hxg5 {[%emt 0:00:03]} 30. Ke1 {[%emt 0:02:15]} Kf8 {[%emt 0:03:53]} 31. Kd2 {[%emt 0:00:02]} Ke7 {[%emt 0:00:19]} 32. Rab1 {[%emt 0:05:54]} f6 {[%emt 0:01:31]} 33. Rh1 {[%emt 0:04:58]} e5 {[%emt 0:01:54]} 34. dxe5 {[%emt 0:06:33]} fxe5 {[%emt 0:00:11]} 35. Rbc1 {[%emt 0:00:51]} a5 {[%emt 0:07:24]} 36. bxa5 {[%emt 0:01:59]} Rxa4 {[%emt 0:00:22]} 37. Ra1 {[%emt 0:00:25]} Rac4 {[%emt 0:02:38]} 38. Rhb1 {[%emt 0:00:37]} R8c7 {[%emt 0:03:37]} 39. Rb5 {[%emt 0:02:01]} d4 {[%emt 0:01:22]} 40. cxd4 {[%emt 0:04:24]} Nxd4 {[%emt 0:00:53]} 41. Rxe5+ {[%emt 0:05:43]} Kf6 {[%emt 0:00:26]} 42. Re3 {[%emt 0:00:24]} Nc2 {[%emt 0:02:00]} 43. Ra2 {[%emt 0:03:23]} Nxe3 {[%emt 0:01:16]} 44. Kxe3 {[%emt 0:00:02]} Rc2 {[%emt 0:00:20]} 45. Ra4 {[%emt 0:05:46]} Re7+ 46. Re4 Rxe4+ {[%emt 0:02:11]} 47. fxe4 {[%emt 0:00:02]} Ra2 {[%emt 0:00:21]} 48. Nc3 {[%emt 0:03:03]} Rxa5 {[%emt 0:00:20]} 49. Kd4 {[%emt 0:00:01]} Ke6 {[%emt 0:00:39]} 0-1